00497nam a2200181Ia 4500008004000000020001800040082001500058100003100073245006000104260005900164300001200223650001200235650001600247650001800263650000900281650001700290650000800307210210b1996 xxu||||| |||| 00| 0 eng d a81 204 1092 0 a620.8 CHOA aCHOPRA (V L) and Others Ed aAgricultural biotechnology 2nd Asia pacific conference. aNew Delhi.bOxford & IBH Publishing Co Pvt Ltd.,c1996 avii,304 apacific aconference. abiotechnology aAsia aAgricultural a2nd